[Event "Lyon zt"]
[Site "Lyon"]
[Date "1990.??.??"]
[Round "12"]
[White "Piket, Jeroen"]
[Black "Koch, Jean Rene"]
[Result "1-0"]
[WhiteElo "2495"]
[BlackElo "2425"]

1.d4 Nf6 2.Bg5 d5 3.Nf3 Bf5 4.e3 e6 5.Bd3 Bxd3 6.Qxd3 Nbd7 7.O-O Be7 8.c4 O-O
9.Nc3 c6 10.Rfd1 h6 11.Bh4 Re8 12.h3 Qa5 13.a3 Qa6 14.b3 b6 15.e4 Nxe4 16.Nxe4 dxe4
17.Qxe4 Bxh4 18.Qxh4 Rad8 19.a4 Qa5 20.Qe4 c5 21.Qc6 Qc3 22.Qc7 Nf6 23.dxc5 Rxd1+
24.Rxd1 Qxb3 25.Rd8 bxc5 26.Rxe8+ Nxe8 27.Qxa7 Qxc4 28.Qa8 Kh7 29.Qxe8 Qc1+
30.Kh2 Qf4+ 31.Kh1 Qc1+ 32.Ng1 c4 33.Qc6 c3 34.a5  1-0

[Event "Melbourne Masters"]
[Site "Melbourne"]
[Date "1990.??.??"]
[Round "9"]
[White "Depasquale, Chris"]
[Black "Solomon, Stephen J"]
[Result "0-1"]
[WhiteElo "2315"]
[BlackElo "2385"]

1.d4 Nf6 2.Bg5 c5 3.Bxf6 gxf6 4.e3 Qb6 5.Nc3 Qxb2 6.Nd5 Kd8 7.Bc4 e6 8.Rb1 Qa3
9.Rb3 Qa5+ 10.Nc3 d5 11.dxc5 Nd7 12.Bxd5 exd5 13.Qxd5 Qxc5 14.Qxf7 b6 15.Nge2 Ba6
16.Nd4 Bc4 17.Ne6+ Bxe6 18.Qxe6 Rc8 19.O-O Qe5 20.Qxe5 fxe5 21.Rd1 Ke8 22.Ne4 Nc5
23.Rc3 Be7 24.Nxc5 Rxc5 25.Rxc5 Bxc5 26.Rd5 Kf7 27.Rd7+ Kg6 28.Rxa7 Rd8 29.g4 Rd2
30.a4 Rxc2 31.a5 b5 32.Rb7 b4 33.Rb5 Be7 34.Kg2 e4 35.h4 Bxh4 36.Rxb4 Rxf2+
37.Kg1 Ra2 38.Rxe4 Kg5 39.a6 Bf2+ 40.Kf1 Bg3 41.a7 h6 42.Re8 Rxa7 43.Kg2 Kh4
44.Rg8 Ra6 45.Kf3 Rf6+ 46.Ke4 Bc7 47.Kd5 Bb6 48.e4 Be3 49.e5 Rf1 50.e6 Bg5
51.Kd6 Rd1+ 52.Kc7 Re1 53.Kd7 Kxg4 54.Rxg5+ hxg5 55.e7 Kf5 56.e8=Q Rxe8 57.Kxe8 g4  0-1

[Event "Moscow (Women)"]
[Site "Moscow"]
[Date "1990.??.??"]
[Round "?"]
[White "Alekhina, Natalia V"]
[Black "Medianikova, Nina"]
[Result "1/2-1/2"]
[WhiteElo "2215"]
[BlackElo "2160"]

1.d4 Nf6 2.Bg5 c5 3.Nc3 Qa5 4.Bxf6 gxf6 5.d5 f5 6.e3 Bg7 7.Qd2 d6 8.Nge2 Nd7
9.Ng3 Bxc3 10.Qxc3 Qxc3+ 11.bxc3 Nf6 12.c4 h5 13.Bd3 e6 14.h4 Bd7 15.O-O Ba4
16.Rfd1 O-O-O 17.Rd2 Kc7 18.Rad1 Ng4 19.Be2 Nf6 20.Bf3 b6 21.a3 Ng4  1/2-1/2

[Event "Moscow (Women)"]
[Site "Moscow"]
[Date "1990.??.??"]
[Round "?"]
[White "Alekhina, Natalia V"]
[Black "Konopleva, Natalia"]
[Result "1/2-1/2"]
[WhiteElo "2215"]
[BlackElo "2145"]

1.d4 Nf6 2.Bg5 c5 3.Bxf6 gxf6 4.d5 d6 5.Nc3 f5 6.e3 Bg7 7.Nge2 Qa5 8.g3 Nd7
9.Bg2 Ne5 10.O-O Nc4 11.Qc1 b5 12.a3 Bd7 13.e4 fxe4 14.Bxe4 h5 15.h4 b4 16.axb4 Qxb4
17.Ra2 a5 18.b3 Bxc3  1/2-1/2

[Event "Novi Sad ol (Men)"]
[Site "Novi Sad"]
[Date "1990.??.??"]
[Round "6"]
[White "Klinger, Josef"]
[Black "Shadarevian, Michael"]
[Result "0-1"]
[WhiteElo "2520"]
[BlackElo "2365"]

1.d4 Nf6 2.Bg5 c5 3.Nc3 Qa5 4.Bxf6 gxf6 5.d5 f5 6.e3 Bg7 7.Qd2 d6 8.Nh3 Qb4
9.Rb1 Nd7 10.Nb5 Qxd2+ 11.Kxd2 O-O 12.c4 Ne5 13.Be2 Bd7 14.Nc3 a6 15.a4 Ng4
16.f3 Ne5 17.a5 b6 18.axb6 a5 19.b3 Rfb8 20.f4 Ng4 21.Na4 Nf6 22.Nf2 Be8
23.Bd3 Nd7 24.Bxf5 Nxb6 25.Nxb6 Rxb6 26.Bc2 Rba6 27.Ne4 a4 28.bxa4 Bxa4 29.Rhc1 h6
30.Nc3 Be8 31.Rb7 Kf8 32.Rcb1 Ra3 33.R1b3 Rxb3 34.Bxb3 Bxc3+ 35.Kxc3 f6 36.Bc2 Ra3+
37.Kb2 Rxe3 38.Rb8 Kf7 39.Bf5 Ba4 40.Ra8 Bd1 41.Kc1 Re1 42.Kd2 Rg1 43.Be6+ Kg6
44.Rg8+ Kh7 45.Re8 f5 46.Bxf5+ Kg7 47.Be6 Bh5 48.Rg8+ Kh7 49.g4 Bg6 50.Ra8 Kg7
51.Rg8+ Kh7 52.Ke3 Re1+ 53.Kf3 Rxe6 54.dxe6 Kxg8 55.f5 Be8 56.h4 Kg7  0-1

[Event "Novi Sad ol (Men)"]
[Site "Novi Sad"]
[Date "1990.??.??"]
[Round "12"]
[White "Kosic, Dragan"]
[Black "Montero Martinez, Cristian"]
[Result "1-0"]
[WhiteElo "2480"]
[BlackElo "2300"]

1.d4 Nf6 2.Bg5 d5 3.e3 c5 4.c3 Ne4 5.Bf4 cxd4 6.exd4 Nc6 7.Nf3 e6 8.Bd3 Bd6
9.Bxd6 Qxd6 10.O-O O-O 11.Qe2 f5 12.Bb5 Rb8 13.Nbd2 Ne7 14.Ne5 a6 15.Bd3 Nc6
16.Ndf3 Ne7 17.c4 Bd7 18.c5 Qc7 19.Rfc1 Be8 20.Qe3 h6 21.b4 b5 22.Ne1 f4
23.Qe2 Nf5 24.N5f3 Bh5 25.Bxe4 Nxd4 26.Qb2 dxe4 27.Nxd4 Qe5 28.Qc3 Rbc8 29.Nxb5 Qg5
30.Nd6 Ra8 31.Nxe4 Qd5 32.f3 Bg6 33.Nd3 Qc6 34.Ne5  1-0

[Event "Orange op"]
[Site "Orange"]
[Date "1990.??.??"]
[Round "9"]
[White "Moskalenko, Viktor"]
[Black "Legky, Nikolay A"]
[Result "1/2-1/2"]
[WhiteElo "2525"]
[BlackElo "2455"]

1.d4 d5 2.Bg5 Nf6 3.Bxf6 exf6 4.e3 c6 5.c4 dxc4 6.Bxc4 Bd6 7.Nc3 O-O 8.Qc2 f5
9.Nge2 g6 10.h3 Nd7 11.g4  1/2-1/2

[Event "Paris-ch"]
[Site "Paris"]
[Date "1990.??.??"]
[Round "?"]
[White "Krasenkow, Michal"]
[Black "Chaplin, Erik"]
[Result "1-0"]
[WhiteElo "2545"]
[BlackElo "2285"]

1.d4 Nf6 2.Bg5 d5 3.Bxf6 exf6 4.e3 Be6 5.Bd3 Nd7 6.Ne2 f5 7.Nd2 Nb6 8.Nf4 Qf6
9.Qf3 c6 10.h3 g6 11.c3 a5 12.Qe2 h5 13.h4 Bd6 14.Qf3 a4 15.a3 Kf8 16.Qg3 Qe7
17.Nf3 Bxf4 18.Qxf4 Kg7 19.Ng5 Nc4 20.Bxc4 dxc4 21.Qe5+ Kh6 22.O-O-O Rhe8
23.Qf4 Kg7 24.Rhe1 Ra5 25.e4 f6 26.Nxe6+ Qxe6 27.Qc7+  1-0

[Event "RLPF-chC"]
[Site "Polch"]
[Date "1990.??.??"]
[Round "?"]
[White "Buerger, Helmut"]
[Black "Pax, Horst"]
[Result "1/2-1/2"]
[WhiteElo "1965"]
[BlackElo "2005"]

1.d4 Nf6 2.Bg5 g6 3.e3 Bg7 4.Bd3 d5 5.Nd2 O-O 6.c3 b6 7.Qe2 Bb7 8.f4 Nbd7
9.Ngf3 c5 10.O-O Qc7  1/2-1/2

[Event "RLPF-chB"]
[Site "Polch"]
[Date "1990.??.??"]
[Round "?"]
[White "Schreiner, Thomas"]
[Black "Schumacher, Olaf"]
[Result "0-1"]
[WhiteElo "1830"]
[BlackElo "2175"]

1.d4 Nf6 2.Bg5 c5 3.d5 Qb6 4.Nc3 Qxb2 5.Bd2 Qb6 6.e4 d6 7.f4 Qd8 8.Nf3 g6
9.Bc4 Bg7 10.e5 dxe5 11.fxe5 Ng4 12.Qe2 O-O 13.O-O Nd7 14.e6 Nde5 15.Rae1 fxe6
16.dxe6 Rxf3 17.gxf3 Qd4+ 18.Kg2 Nxc4 19.fxg4 Qxd2 20.Ne4 Ne3+  0-1

[Event "Prague Metro"]
[Site "Prague"]
[Date "1990.??.??"]
[Round "1"]
[White "Gerstner, Wolfgang"]
[Black "Praszak, Michal"]
[Result "1-0"]
[WhiteElo "2340"]
[BlackElo "2275"]

1.d4 Nf6 2.Bg5 c5 3.d5 Ne4 4.Bf4 Qa5+ 5.c3 g5 6.Be5 f6 7.Bg3 d6 8.Nd2 Bf5
9.f3 Nxg3 10.hxg3 Bg6 11.e4 f5 12.Bd3 fxe4 13.Bxe4 Bg7 14.Bxg6+ hxg6 15.Rxh8+ Bxh8
16.Qc2 Kf7 17.Nh3 Bf6 18.Ne4 Nd7 19.Nexg5+ Bxg5 20.Nxg5+ Kf6 21.Qe4 e5 22.dxe6 Ne5
23.f4 Nc6 24.e7  1-0

[Event "Vysehrad"]
[Site "Prague"]
[Date "1990.??.??"]
[Round "3"]
[White "Cech, Pavel"]
[Black "David, Pavel"]
[Result "1/2-1/2"]
[WhiteElo "2230"]
[BlackElo "2440"]

1.d4 Nf6 2.Bg5 c5 3.Bxf6 gxf6 4.c3 Qb6 5.Qc2 d5 6.dxc5 Qxc5 7.Nd2 Nc6 8.e4 dxe4
9.Nxe4 Qa5 10.Nf3 Bg4  1/2-1/2

[Event "Prague Metro"]
[Site "Prague"]
[Date "1990.??.??"]
[Round "7"]
[White "Gerstner, Wolfgang"]
[Black "Klimes, Jaromir"]
[Result "1-0"]
[WhiteElo "2340"]
[BlackElo "2350"]

1.d4 Nf6 2.Bg5 d5 3.c4 dxc4 4.Nc3 c6 5.a4 Qa5 6.Bd2 Nbd7 7.e3 e5 8.Bxc4 Bb4
9.Nf3 O-O 10.O-O e4 11.Ne1 Nb6 12.Be2 Be6 13.Nc2 Bxc3 14.bxc3 Bc4 15.Na3 Bxe2
16.Qxe2 Nxa4 17.Rfb1 Qc7 18.c4 Qd7 19.Ba5 Rfc8 20.Qc2 b5 21.c5 Re8 22.Nc4 Nxc5
23.Ne5 Qd5 24.Nxc6 Nd3 25.Ra3 Ng4 26.h3 Ngxf2 27.Rf1 Re6 28.Rc3 b4 29.Bxb4 Nxb4
30.Nxb4 Qb5 31.Rc8+ Re8 32.Rxe8+ Rxe8 33.Qxf2 f6 34.Qa2+ Kh8 35.Nd5 Qb7 36.Rb1 Qd7
37.Nf4 g5 38.Nd5 Qf7 39.Rf1 f5 40.Qa5 h6 41.g3 Rc8 42.Qa6  1-0

[Event "Vysehrad"]
[Site "Prague"]
[Date "1990.??.??"]
[Round "8"]
[White "Cech, Pavel"]
[Black "Gregor, Jiri"]
[Result "1-0"]
[WhiteElo "2230"]
[BlackElo "2215"]

1.d4 Nf6 2.Bg5 g6 3.Nd2 Bg7 4.Ngf3 d5 5.e3 O-O 6.Bd3 c6 7.c3 Bf5 8.Bxf5 gxf5
9.Bxf6 Bxf6 10.Qc2 e6 11.h3 c5 12.g4 f4 13.h4 fxe3 14.fxe3 Qc7 15.O-O-O Rc8
16.Ng5 cxd4 17.Qxh7+ Kf8 18.exd4 Qe7 19.Rhf1 Nd7 20.Rxf6 Nxf6 21.Qh8+ Ng8
22.Nh7+ Ke8 23.Qxg8+ Kd7 24.Qg7 Qxh4 25.Nf3 Qf2 26.Qxf7+ Kd6 27.Re1 Re8 28.Qf4+ Ke7  1-0

[Event "Ptuj"]
[Site "Ptuj"]
[Date "1990.??.??"]
[Round "?"]
[White "Podvrsnik, Marko"]
[Black "Ivacic, Vladimir"]
[Result "0-1"]
[WhiteElo "2310"]
[BlackElo "2300"]

1.d4 Nf6 2.Bg5 d5 3.Bxf6 gxf6 4.c4 c6 5.cxd5 cxd5 6.Nc3 Nc6 7.e3 e6 8.Bd3 Bd7
9.Qf3 f5 10.Nge2 Bd6 11.a3 Rc8 12.h3 h5 13.g4 hxg4 14.hxg4 Rxh1+ 15.Qxh1 fxg4
16.Qh8+ Bf8 17.O-O-O Qg5 18.Rh1 Ke7 19.Nf4 Bg7 20.Qh7 Kf8 21.Rh5 Qf6 22.Kb1 Nxd4
23.Ncxd5 exd5 24.Nxd5 Qxf2 25.Rg5 Rc1+ 26.Ka2  0-1

[Event "Pula zt (Women)"]
[Site "Pula"]
[Date "1990.??.??"]
[Round "?"]
[White "Maksimovic, Suzana"]
[Black "Botsari Miladinovic, Anna Maria"]
[Result "1/2-1/2"]
[WhiteElo "2280"]
[BlackElo "2205"]

1.d4 Nf6 2.Bg5 d5 3.Bxf6 exf6 4.e3 Bd6 5.Bd3 Be6 6.Nd2 O-O 7.Qf3 Qd7 8.h3 c5
9.c3 Nc6 10.Ne2 Ne7 11.Nf4 Bf5 12.O-O cxd4 13.cxd4 Bxf4 14.Bxf5 Qxf5 15.Qxf4 Qxf4  1/2-1/2

[Event "Pula op"]
[Site "Pula"]
[Date "1990.??.??"]
[Round "2"]
[White "Ajvazi, Ramadan"]
[Black "Kovacevic, Predrag"]
[Result "1-0"]
[WhiteElo "2215"]
[BlackElo "2400"]

1.d4 Nf6 2.Bg5 g6 3.Bxf6 exf6 4.e4 d5 5.exd5 Qxd5 6.Nf3 Bb4+ 7.c3 Bd6 8.Be2 Bg4
9.h3 Bd7 10.O-O Nc6 11.c4 Qf5 12.Bd3 Qh5 13.Re1+ Kf8 14.Nc3 Kg7 15.Ne4 Bf4
16.d5 Nb4 17.Bf1 Rhe8 18.a3 Na6 19.Nxf6 Qf5 20.Nxe8+ Bxe8 21.Qd4+ Kg8 22.g4 c5
23.dxc6  1-0

[Event "Pula tt2"]
[Site "Pula"]
[Date "1990.??.??"]
[Round "10"]
[White "Indjic, Dusan"]
[Black "Sibarevic, Milenko"]
[Result "1/2-1/2"]
[WhiteElo "2385"]
[BlackElo "2370"]

1.d4 Nf6 2.Bg5 g6 3.Bxf6 exf6 4.e3 Bg7 5.Bd3 f5 6.c3 O-O 7.Nd2 d5 8.Qf3 c6
9.h3 Nd7 10.g4 fxg4 11.hxg4 Re8 12.Nh3 Nf6 13.g5 Ne4 14.Nxe4 dxe4 15.Bxe4 Qa5
16.Qg2 c5 17.d5 Bxc3+ 18.bxc3 Qxc3+ 19.Ke2 Qc4+ 20.Bd3 Bg4+ 21.Kd2 Qb4+ 22.Kc2 c4
23.Bxg6 Qa4+ 24.Kc1 Qa3+ 25.Kc2 hxg6 26.Qxg4 Qd3+ 27.Kc1 Qc3+ 28.Kb1  1/2-1/2

[Event "Rome op"]
[Site "Rome"]
[Date "1990.??.??"]
[Round "1"]
[White "Testa, Armando"]
[Black "Ubilava, Elizbar"]
[Result "1/2-1/2"]
[WhiteElo "2220"]
[BlackElo "2515"]

1.d4 Nf6 2.Bg5 d5 3.Bxf6 gxf6 4.c4 dxc4 5.e3 Be6 6.Ne2 c6 7.Nf4 Bd5 8.Nc3 f5
9.Nfxd5 cxd5 10.Qa4+ Nc6 11.Bxc4 dxc4 12.d5 Qd7 13.dxc6 Qxc6 14.Qxc6+ bxc6
15.O-O-O Bg7 16.Rd2 Bf6 17.Rhd1 O-O 18.Rc2 Rfb8 19.a3 Rb3 20.Na4 Rab8 21.Rdd2 c3
22.Nxc3 Bxc3 23.Rxc3 Rxc3+ 24.bxc3 Rb3  1/2-1/2

[Event "Sas van Gent"]
[Site "Sas van Gent"]
[Date "1990.??.??"]
[Round "5"]
[White "Van der Werf, Mark"]
[Black "Kraidman, Yair"]
[Result "0-1"]
[WhiteElo "2320"]
[BlackElo "2415"]

1.d4 Nf6 2.Bg5 d5 3.Bxf6 exf6 4.e3 c6 5.c3 Bd6 6.Bd3 Nd7 7.Nd2 O-O 8.Qf3 Re8
9.Ne2 Nf8 10.g4 Ne6 11.h4 b5 12.O-O-O b4 13.c4 Ba6 14.g5 Be7 15.cxd5 Bxd3
16.dxe6 Qd5 17.exf7+ Kxf7 18.Nf4 Qxf3 19.Nxf3 Be4 20.Rh3 Bf5 21.Rg3 Bd6 22.Ng1 Bxf4
23.exf4 Re4 24.h5 Rxf4 25.g6+ hxg6 26.hxg6+ Bxg6 27.Nh3 Rh4 28.Rdg1 Rg8 29.Rxg6 Rxh3
30.Kd2 Rh6 31.R6g3 Rh4 32.Rg4 g5 33.Kd3 Rgh8 34.Re4 Rxe4 35.Kxe4 Rh2 36.Ke3 Rh3+
37.Ke2 Ke6 38.Rc1 Kd6 39.Rc4 b3 40.a3 Rh4 41.Ra4 Kd5 42.Rxa7 Re4+ 43.Kf3 Rxd4
44.Rb7 Rd3+ 45.Ke2 Rh3 46.Rf7 g4 47.Rxf6 Rc3 48.Rf4 Rc2+ 49.Ke3 c5 50.Rf5+ Kc6
51.Kd3 Kb5 52.Rg5 Rxb2 53.Kc3 Rxf2 54.Kxb3 Rf3+ 55.Kb2 Rg3 56.a4+ Kxa4 57.Rxc5 Kb4
58.Rc8 Rg2+ 59.Kc1 g3 60.Rg8 Kc3 61.Kd1 Kd3 62.Rd8+ Ke3 63.Re8+ Kf2 64.Rf8+ Kg1
65.Rg8 Kf1 66.Rg7 Rg1 67.Kd2 Kf2 68.Rf7+ Kg2 69.Ke2 Ra1 70.Rg7 Ra8 71.Re7 Rf8
72.Ke3 Kg1 73.Rg7 g2 74.Ra7 Rh8  0-1

[Event "Stockholm"]
[Site "Stockholm"]
[Date "1990.??.??"]
[Round "?"]
[White "Johansson, Jan"]
[Black "Benjamin, Joel"]
[Result "0-1"]
[WhiteElo "2460"]
[BlackElo "2560"]

1.d4 Nf6 2.Bg5 d5 3.Nd2 g6 4.e3 Bg7 5.Bd3 c5 6.c3 Qb6 7.Rb1 Nc6 8.f4 Ng4
9.Qe2 cxd4 10.exd4 Bxd4 11.cxd4 f6 12.f5 Bxf5 13.Bxf5 gxf5 14.Be3 Nxe3 15.Qxe3 Nxd4
16.Kd1 e5 17.g3 Qc6 18.Rc1 Qa4+ 19.b3 Qa6 20.Ngf3 Nc6 21.Nh4 O-O-O 22.Nxf5 Kb8
23.a4 Nb4 24.Rc5 Rc8 25.Rb5 Na2 26.Ke2 Nc3+ 27.Kf2 Nxb5 28.axb5 Qe6 29.g4 h5
30.Ra1 b6 31.Nd4 Qxg4 32.Nc6+ Rxc6 33.bxc6 Qh4+ 34.Ke2 Qxh2+ 35.Kd3 Rc8 36.Rc1 e4+
37.Kc2 Rxc6+ 38.Kb1 Rxc1+ 39.Kxc1 Qe5 40.Kb1 h4 41.Qh3 Qd4 42.Kc2 Qd3+ 43.Qxd3 exd3+
44.Kxd3 h3  0-1

[Event "Vienna op"]
[Site "Vienna"]
[Date "1990.??.??"]
[Round "8"]
[White "Stanisic, Ljubisa"]
[Black "Blees, Albert"]
[Result "1/2-1/2"]
[WhiteElo "2270"]
[BlackElo "2400"]

1.d4 Nf6 2.Bg5 d5 3.Bxf6 exf6 4.e3 Bd6 5.Bd3 c6 6.Nd2 Nd7 7.e4 Nb6 8.Qf3 dxe4
9.Nxe4 Be7 10.Ne2 Qd5 11.O-O f5 12.Nd2 O-O 13.Rfe1 g6 14.Qxd5 Nxd5 15.Nc3 Nxc3
16.Rxe7 Nd5 17.Re5 Nb4 18.Re7 Nxd3 19.cxd3 Rd8 20.Nb3 b6 21.Rc1 Bd7 22.d5 Kf8
23.Re5 f6 24.Ree1 cxd5 25.Nd4 Rac8 26.f4 Rc5 27.b4 Rcc8 28.Kf2 Kf7 29.g3 g5
30.Ke3 Re8+ 31.Kd2 Rxe1 32.Rxe1 gxf4 33.gxf4 Rg8 34.Ke3 Ke7 35.Rc1 Kd6 36.Kf3 Ra8
37.Rc3 Rb8 38.Ra3 Rb7 39.Ke3 Rc7 40.Kd2 h5 41.h4 Rb7 42.Ne2 Bc8 43.Rc3 Rb8
44.Ng3 Be6 45.Ra3 Rg8 46.Ne2 Ra8 47.Ke3 a5 48.bxa5 bxa5 49.Ng3 a4 50.Nxh5 Rh8
51.Ng3 d4+ 52.Kxd4 Rxh4 53.Ne2 Bd7 54.Rc3 Rh2 55.Ke3 Rh3+ 56.Kd4 Bb5 57.a3 Rf3
58.Ng1 Rxf4+ 59.Ke3 Rf1 60.Ne2 Bc6 61.Rc4 Ra1 62.Nd4 Bd7 63.Rc3 Kd5 64.Ne2 Kd6
65.Nd4 Rh1 66.Ne2 Rh3+ 67.Kd2 Rf3 68.Rc4 Bb5 69.Rd4+ Ke5 70.Rd8 f4 71.Nc3 Bc6
72.d4+ Ke6 73.d5+ Ke7 74.Rh8 Bd7 75.Rh7+ Kd6 76.Ne4+ Ke5 77.Re7+ Kd4 78.Nxf6 Rd3+
79.Kc1 Bf5 80.d6 f3 81.d7 Kc3 82.Ne4+ Bxe4 83.Rxe4 f2 84.Rf4 Rxd7 85.Rxf2 Kb3
86.Rb2+ Kxa3 87.Rb8 Rh7 88.Kb1 Rh1+ 89.Kc2 Ka2 90.Rb2+ Ka1 91.Rb8 a3 92.Rb7 Rh2+
93.Kc1 Rb2 94.Ra7 Ka2 95.Ra8 Rb7 96.Rc8 Kb3 97.Kb1 a2+  1/2-1/2

[Event "Werfen"]
[Site "Werfen"]
[Date "1990.??.??"]
[Round "9"]
[White "Zimmermann, Heinz"]
[Black "Herndl, Harald"]
[Result "1-0"]
[WhiteElo "2300"]
[BlackElo "2300"]

1.d4 Nf6 2.Bg5 d5 3.Nf3 Bf5 4.e3 c5 5.Nc3 c4 6.Ne5 h6 7.Bh4 e6 8.e4 Bh7 9.exd5 exd5
10.Bxf6 gxf6 11.Ng4 Bb4 12.Qf3 Nd7 13.Qxd5 Qe7+ 14.Ne3 O-O 15.Be2 Be4 16.Qh5 Kh7
17.O-O Rg8 18.Nxe4 Qxe4 19.Bxc4 Rg5 20.Qxg5 hxg5 21.Bd3 Qxd3 22.cxd3 Kg6
23.f4 Re8 24.Nd5 Bd2 25.f5+ Kg7 26.Rad1 Ba5 27.b4 Bd8 28.Rfe1 Rh8 29.Rc1 Nb6
30.Rc5 Na4 31.Rc8 Nb2 32.Re3 Nd1 33.Re2  1-0

[Event "Zuerich op"]
[Site "Zuerich"]
[Date "1990.??.??"]
[Round "?"]
[White "Landenbergue, Claude"]
[Black "Mascarinas, Rico"]
[Result "1-0"]
[WhiteElo "2385"]
[BlackElo "2470"]

1.d4 Nf6 2.Bg5 g6 3.Nf3 Bg7 4.Nbd2 d5 5.e3 Nbd7 6.Be2 O-O 7.O-O c5 8.c3 Re8
9.b4 cxb4 10.cxb4 a5 11.a3 Nb6 12.Qb3 a4 13.Qb2 Ne4 14.Bf4 Nd6 15.Rac1 Be6
16.b5 Ndc4 17.Qb4 h6 18.Nxc4 dxc4 19.e4 Bg4 20.Rfd1 Bxf3 21.Bxf3 e5 22.dxe5 Qe7
23.Qd6 Nc8 24.Qxe7 Rxe7 25.Rd8+ Kh7 26.Rxc4 Nb6 27.Rxa8 Nxc4 28.Rxa4 Nxe5
29.h3 g5 30.Be3 Rc7 31.Bg4 Bf6 32.Ra7 Nc4 33.b6 Rc6 34.Rxb7 Nxe3 35.fxe3 Be5
36.a4 Bg3 37.Rxf7+ Kg6 38.Rf8 Rc1+ 39.Rf1 Rc2 40.e5 Ra2 41.e6 Ra3 42.Be2 Bd6
43.Rc1 Rxa4 44.Rc6 Be7 45.b7 Rb4 46.Ba6 Kf6 47.Kf2 h5 48.g4 hxg4 49.hxg4 Ke5
50.Rc8  1-0

[Event "AUT-ch"]
[Site "?"]
[Date "1991.??.??"]
[Round "?"]
[White "Kummer, Helmut"]
[Black "Wittmann, Walter"]
[Result "0-1"]
[WhiteElo "2275"]
[BlackElo "2370"]

1.d4 Nf6 2.Bg5 c5 3.d5 d6 4.Nc3 g6 5.e4 Bg7 6.Be2 a6 7.a4 Qa5 8.Bd2 Qc7 9.Nf3 O-O
10.O-O Nbd7 11.Re1 Re8 12.h3 b6 13.Bc4 Bb7 14.Ra3 Red8 15.Bg5 Ne5 16.Nxe5 dxe5
17.Qf3 Qd6 18.Nd1 Ne8 19.Qg3 Nc7 20.Qh4 f6 21.Bh6 b5 22.Be2 Rdb8 23.Rg3 Rf8
24.Ne3 Rf7 25.Bxg7 Rxg7 26.Qh6 Bc8 27.Bg4 Ne8 28.Bxc8 Rxc8 29.axb5 axb5 30.Ra1 c4
31.c3 Qb6 32.h4 Nd6 33.Nf5 Nxf5 34.exf5 Kf7 35.fxg6+ hxg6 36.Rd1 Rd8 37.Qe3 Qxe3
38.Rxe3 Rd6 39.Re2 Rg8 40.Red2 Rgd8 41.Kf1 f5 42.g3 Kf6 43.Ke2 e4 44.Ke3 Ke5
45.Ke2 Rxd5 46.Rxd5+ Rxd5 47.Ra1 Kf6 48.Ra5 e5 49.Ra6+ Kg7 50.Ra7+ Kh6 51.Rb7 g5
52.Rb6+ Kh5 53.hxg5 Kxg5 54.Re6 Rc5 55.Kd2 Kg4 56.Ke3 Kg5 57.Rb6 Rd5 58.Re6 Rd3+
59.Ke2 b4 60.Rc6 bxc3 61.Rc5 Rd2+ 62.Ke3 cxb2 63.Rb5 Rc2 64.Rb8 Kg4  0-1

[Event "AUT-chT"]
[Site "?"]
[Date "1991.??.??"]
[Round "?"]
[White "Brandl, Rudolf"]
[Black "Felsberger, Alfred"]
[Result "1/2-1/2"]
[WhiteElo "2240"]
[BlackElo "2330"]

1.d4 Nf6 2.Bg5 d5 3.e3 Nbd7 4.Nf3 c5 5.c3 Qb6 6.Qc2 g6 7.Nbd2 Bg7 8.Be2 O-O
9.h3 Re8 10.Bf4 Ne4 11.Nxe4 dxe4 12.Nd2 cxd4 13.exd4 e5 14.Nc4 Qc6 15.d5 Qxd5
16.Rd1 Qc6  1/2-1/2

[Event "AUT-chT"]
[Site "?"]
[Date "1991.??.??"]
[Round "?"]
[White "Topakian, Raffi"]
[Black "Kaidanov, Grigory S"]
[Result "0-1"]
[WhiteElo "2255"]
[BlackElo "2540"]

1.d4 d5 2.Bg5 Nf6 3.Bxf6 exf6 4.e3 Bd6 5.c4 dxc4 6.Bxc4 O-O 7.Nc3 c6 8.Nge2 Nd7
9.O-O f5 10.Qd2 Nf6 11.f3 Re8 12.Rae1 a6 13.Nf4 b5 14.Bb3 Bb7 15.Kh1 Qc7
16.Rc1 Rad8 17.Nce2 Qe7 18.Qd3 g6 19.e4 c5 20.exf5 c4 21.Bxc4 bxc4 22.Rxc4 g5
23.d5 gxf4 24.Nxf4 Bxf4 25.Rxf4 Qe2 26.Qxe2 Rxe2 27.Rb4 Bxd5 28.Rb6 Kg7 29.Rxa6 Rxb2
30.Rg1 Re8  0-1

[Event "Wch Seniors"]
[Site "Bad Woerishofen"]
[Date "1991.??.??"]
[Round "8"]
[White "Wade, Robert Graham"]
[Black "Usachyi, Mark"]
[Result "0-1"]
[WhiteElo "2305"]
[BlackElo "2225"]

1.d4 Nf6 2.Bg5 c5 3.d5 e5 4.Nc3 d6 5.e4 Be7 6.Bb5+ Nfd7 7.Bxe7 Qxe7 8.Nf3 O-O
9.Be2 Na6 10.Nd2 Nc7 11.a4 a6 12.O-O Rb8 13.Nc4 b6 14.Ne3 g6 15.Qd2 Ne8 16.g3 f5
17.exf5 gxf5 18.f4 Ng7 19.Rae1 e4 20.Rb1 a5 21.Nb5 Nf6 22.c3 Ra8 23.Nc4 Bb7
24.Nxb6 e3 25.Qd1 Ra6 26.Nc4 Bxd5 27.Rf3 Bxf3 28.Bxf3 Rd8 29.Bd5+ Kf8 30.Qd3 Nxd5
31.Qxd5 e2 32.Re1 Qe4 33.Qxe4 fxe4 34.Rxe2 d5 35.Ne5 Nf5 36.g4 Ne7 37.f5 Nc6
38.Nc7 Nxe5 39.Nxa6 Rc8 40.c4 Rc6 41.cxd5 Rxa6 42.Rxe4 Nd3 43.g5 Rd6 44.h4 Rxd5
45.f6 Re5 46.Rxe5 Nxe5 47.Kf2 Nd3+ 48.Ke3 Nxb2 49.Ke4 c4 50.Kd4 Kf7 51.Kc3 Nxa4+
52.Kxc4 Nb6+ 53.Kb5 a4 54.Kb4 h5 55.Ka3 Nc4+ 56.Kxa4 Ne5 57.Kb4 Nf3 58.Kc4 Nxh4  0-1

[Event "Wch Seniors"]
[Site "Bad Woerishofen"]
[Date "1991.??.??"]
[Round "10"]
[White "Wade, Robert Graham"]
[Black "Krogius, Nikolai V"]
[Result "0-1"]
[WhiteElo "2305"]
[BlackElo "2515"]

1.d4 Nf6 2.Bg5 c5 3.Bxf6 gxf6 4.d5 Bg7 5.c3 d6 6.g3 Bf5 7.e4 Bd7 8.Nh3 Qb6
9.Qb3 f5 10.Nd2 fxe4 11.Nxe4 h5 12.Nf4 h4 13.Be2 Bf5 14.Nd2 Qxb3 15.axb3 Bh6
16.Nc4 Nd7 17.Ne3 Bh7 18.Ng4 Bxf4 19.gxf4 Be4 20.Rg1 Bxd5 21.Ne3 Bc6 22.Bc4 Nf6
23.O-O-O Rd8 24.Bd5 Nxd5 25.Nxd5 Bxd5 26.Rxd5 f6 27.Rd3 Kf7 28.Rh3 Rdg8 29.Re1 Rg4
30.Re4 Rg2 31.f5 d5 32.Rf4 Rh5 33.Kd2 Rgg5 34.Ke3 Rxf5 35.Rfxh4 Re5+ 36.Kd2 Rhf5
37.Rh7+ Ke6 38.f3 d4 39.Rg3 Re3 40.f4 Re4 41.b4 cxb4 42.cxb4 Rfxf4 43.Rgg7 Kd7
44.b5 Re3 45.h4 Rf2+ 46.Kd1 Rxb2 47.Rg4 Rd3+ 48.Kc1 Rxb5 49.h5 Ke6  0-1

[Event "JUG-ch"]
[Site "Banja Vrucica"]
[Date "1991.??.??"]
[Round "?"]
[White "Obralic, Esad"]
[Black "Sahovic, Dragutin"]
[Result "0-1"]
[WhiteElo "2295"]
[BlackElo "2365"]

1.d4 Nf6 2.Bg5 c5 3.Bxf6 gxf6 4.d5 Qb6 5.Qc1 f5 6.e3 Bg7 7.c3 e6 8.Nh3 Na6
9.Nf4 Nc7 10.Bc4 Qd6 11.a4 Be5 12.O-O Bxf4 13.exf4 Nxd5 14.Rd1 Qxf4 15.Bxd5 Qxc1
16.Rxc1 exd5 17.Rd1 d6 18.Rxd5 Ke7 19.Nd2 Be6 20.Re1 Kd7 21.Rd3 Rae8 22.Rd1 Kc7
23.Rf3 a5 24.Rf4 Rb8 25.c4 Rhg8 26.f3 Rgd8 27.Nb1 Kc6 28.Nc3 d5 29.cxd5+ Bxd5
30.Kf2 Be6 31.Rxd8 Rxd8 32.Ke3 c4 33.Rd4 Rg8 34.Rd2 Kc5 35.Kf4 f6 36.g3 Rc8
37.Re2 Rc6 38.Nb5 Rb6 39.Rd2 Kb4 40.Nc3 Kb3 41.h3 Bf7 42.Re2 Re6 43.Rd2 Re5
44.h4 Be8 45.g4 fxg4 46.fxg4 Re1 47.Rf2 Bxa4 48.Ne4 Bc6 49.Nxf6 b5 50.g5 b4
51.Nxh7 c3 52.bxc3 bxc3 53.Nf6 c2 54.Rxc2 Kxc2 55.g6 Rf1+ 56.Kg5 Rxf6  0-1

[Event "JUG-ch"]
[Site "Banja Vrucica"]
[Date "1991.??.??"]
[Round "?"]
[White "Obralic, Esad"]
[Black "Antic, Dejan"]
[Result "1-0"]
[WhiteElo "2295"]
[BlackElo "2390"]

1.d4 Nf6 2.Bg5 d5 3.Nd2 Nbd7 4.Ngf3 g6 5.e3 Bg7 6.Bd3 O-O 7.O-O Re8 8.c4 c5
9.Qb3 cxd4 10.exd4 Qb6 11.Rfe1 Nf8 12.Qxb6 axb6 13.Bxf6 Bxf6 14.cxd5 Rd8
15.Nc4 Ra6 16.a4 e6 17.d6 Bd7 18.Nce5 Ra7 19.Rec1 Be8 20.b3 Rxd6 21.Nc4 Rd8
22.Nxb6 Bc6 23.Rab1 Bxf3 24.gxf3 Bxd4 25.Nc4 Bxf2+ 26.Kxf2 Rxd3 27.Rd1 Rd7
28.Nb6 Rxd1 29.Rxd1 Ra6 30.Nc4 Kg7 31.Rd8 Rc6 32.Rb8 Nd7 33.Rxb7 Nc5 34.Ne5 Ra6
35.Rb5 Nxa4 36.bxa4 Rxa4 37.Rb7 Rf4 38.Ke3 g5 39.Rc7 Rf5 40.Kd4 h5 41.h3 Rf4+
42.Ke3 Rf5 43.Rc5 Kh6 44.Nd3 Rf6 45.h4 gxh4 46.Nf4 Kh7 47.Rxh5+ Rh6 48.Rxh6+ Kxh6
49.Ke4 f6 50.Nh3 Kg6 51.Kf4 Kh5 52.Nf2 e5+ 53.Kf5 h3 54.Kxf6 Kh4 55.Nxh3 Kg3
56.Ng5 Kf4 57.Kg6  1-0

[Event "Bayern-ch"]
[Site "Bayern"]
[Date "1991.??.??"]
[Round "3"]
[White "Meier, T."]
[Black "Roeder, Gerd"]
[Result "1-0"]
[WhiteElo "2275"]
[BlackElo "2280"]

1.d4 d5 2.Bg5 Nf6 3.Bxf6 exf6 4.e3 c6 5.Bd3 Bd6 6.Nd2 O-O 7.Qf3 Re8 8.O-O-O a5
9.Ne2 Na6 10.c3 Qd7 11.h3 Nc7 12.Rdg1 Bf8 13.g4 b5 14.Ng3 b4 15.c4 c5 16.Rd1 Bb7
17.cxd5 Bxd5 18.Be4 Bxe4 19.Ndxe4 c4 20.g5 fxg5 21.Nh5 Nd5 22.Nxg5 Ra6 23.e4 Nf6
24.e5 Nxh5 25.Qxh5 Qf5 26.Qg4 Qxf2 27.Qe4 Rg6 28.Rhf1 Qh2 29.Rh1 Qf2 30.Rhf1 Qh2
31.Qf3 Re7 32.Rf2 Qxf2 33.Qxf2 Rxg5 34.Rg1 Rh5 35.Qe2 Rxh3 36.Qxc4 Rh4 37.Rf1 g6
38.Qd5 Rc7+ 39.Kb1 Rh2 40.e6 Rcc2 41.exf7+ Kg7 42.Qe5+ Kh6 43.d5 Rce2 44.Qh8 Rxb2+
45.Qxb2 Rxb2+ 46.Kxb2 Kg7 47.Kb3 h5 48.Ka4 h4 49.Kb5 g5 50.Kc6 h3 51.d6 Bxd6
52.Kxd6 Kf8 53.Ke6 g4 54.Rg1 h2 55.Rxg4 h1=Q 56.Rg8+  1-0